Statystyki dla Kantony Szwajcarii alfabetycznie (z mapą)

Kliknij tutaj aby rozwiązać quiz!

Ogólne statystyki

  • Ten quiz został rozwiązany 7 razy
  • Średni wynik to 12 z 26

Odpowiedzi na mapie

Odpowiedzi skodowane kolorowo w zielono-czerwonej skali na mapie do tego quizu, zgodnie z poniższymi procentami.
 

Statystyki odpowiedzi

Kanton% Poprawnych
Argowia
83%
Appenzell Ausserrhoden
67%
Appenzell Innerrhoden
67%
Bazylea-Okręg
67%
Berno
67%
Fryburg
67%
Genewa
67%
Zurych
67%
Bazyela-Masto
50%
Jura
50%
Uri
50%
Valais
50%
Vaud
50%
Zug
50%
Gryzonia
33%
Sankt Gallen
33%
Schwyz
33%
Solothurn
33%
Szafuza
33%
Tessyn
33%
Turgowia
33%
Glarus
17%
Lucerna
17%
Neuchâtel
17%
Nidwalden
17%
Obwalden
17%

Rozkład punktacji

Percentyl według liczby udzielonych odpowiedzi

Procent ludzi z każdym wynikiem

Twoja historia wyników

Nie rozwiązałeś tego quizu